| 000 -ლიდერი |
| ფიქსირებული სიგრძის საკონტროლო ველი |
01889nam a22002417a 4500 |
| 003 - საკონტროლო ნომრის იდენტიფიკატორი |
| საკონტროლო ველი |
Ge_BSU |
| 005 - ბოლო ოპერაციის თარიღი და დრო |
| საკონტროლო ველი |
20230619174513.0 |
| 008 - ფიქსირებული სიგრძის მონაცემთა ელემენტები - ზოგადი ინფორმაცია |
| ფიქსირებული სიგრძის საკონტროლო ველი |
230619s1982 ge ||||| |||| 00| 0 geo d |
| 041 ## - ენის კოდი |
| Language code of text/sound track or separate title |
geo |
| 080 ## - უნივერსალური ათობითი კლასიფიკაციის ინდექსი |
| Universal Decimal Classification number |
821.353.1 ლ-80 |
| 100 ## - მთავარი ჩანაწერი - პიროვნების სახელი |
| Personal name |
ლოლაშვილი, ივანე |
| 9 (RLIN) |
4952 |
| 245 ## - ცნობა სათაურის შესახებ |
| Title |
მცირე უწყებანი ქართველთა მწერალთათვის (XVI-XIX სს.) / |
| Statement of responsibility, etc |
გამოსაცემად მოამზადა, გამოკვლევა, კომენტარები და ლექსიკონი დაურთო ივ. ლოლაშვილმა ; რედაქტორი შოთა ძიძიგური ; საქართველოს სსრ მეცნიერებათა აკადემია, ცენტრალური სამეცნიერო ბიბლიოთეკა. |
| 264 ## - წარმოების, გამოცემის, დისტრიბუციის და სხვა ცნობები |
| გამოცემის, წარმოების, დისტრიბუციის... ადგილი |
თბილისი : |
| გამოცემის, წარმოების, დისტრიბუციის... სახელწოდება |
მეცნიერება, |
| გამოცემის, წარმოების, დისტრიბუციის... თარიღი |
1982. |
| 300 ## - ფიზიკური აღწერა |
| Extent |
264 გვ. ; |
| Other physical details |
21 სმ. |
| 490 ## - სერიის ცნობა |
| Series statement |
ისტორიულ-ბიბლიოგრაფიული ცნობები ძველ ქართულ მწერლობაზე |
| 501 ## - შენიშვნა თანმხლებ მასალაზე |
| With note |
საკუთარ სახელთა ლექსიკონი: გვ.222-251. |
| 520 ## - SUMMARY, ETC. |
| Summary, etc |
რეზიუმე რუსულ ენაზე. |
| 653 ## - INDEX TERM--UNCONTROLLED |
| Uncontrolled term |
ძველი ქართული მწერლობა |
| 700 ## - ADDED ENTRY--PERSONAL NAME |
| Personal name |
ლოლაშვილი, ივ. |
| Relator term |
შემდგენელი |
| 9 (RLIN) |
18816 |
| 700 ## - ADDED ENTRY--PERSONAL NAME |
| Personal name |
ძიძიგური, შოთა |
| Relator term |
რედაქტორი |
| 9 (RLIN) |
18817 |
| 710 ## - ADDED ENTRY--CORPORATE NAME |
| Corporate name or jurisdiction name as entry element |
საქართველოს სსრ მეცნიერებათა აკადემია |
| Subordinate unit |
ცენტრალური სამეცნიერო ბიბლიოთეკა |
| 9 (RLIN) |
18818 |
| 942 ## - ADDED ENTRY ELEMENTS (KOHA) |
| Source of classification or shelving scheme |
|
| Koha item type |
წიგნი |